00708nam a2200181 a 450000100100000000500170001000800410002704000250006808200170009310000250011024501420013526000510027730000260032850000570035465000610041165000190047270000350049100002630920240510073819.0110310s2005 dr 000 0 spa d aDO-SdBNPbspacBNPHU a264.7bR457e1 aReyes Javier, Carlos13aLa eficacia de los grupos pequeños :bpara el crecimiento integral de la iglesia /cCarlos Reyes Javier ; prólogo Marino Contreras L. aSanto Domingo :bTriunfo Publicaciones,c2005. axix, 170 p. ;c22 cm. aIncluye bibliografía y notas final de capítulos. 4aGrupos de oraciónxBautistas, iglesia católica, etc. 0aVida cristiana1 aContreras L., Marino,epról.